Catálogo

Vista normal Vista MARC

Entrada Personal Name

Número de registros utilizados en: 2

001 - CONTROL NUMBER

  • control field: 5884

003 - CONTROL NUMBER IDENTIFIER

  • control field: DLC

005 - DATE AND TIME OF LATEST TRANSACTION

  • control field: 20241029091514.0

008 - FIXED-LENGTH DATA ELEMENTS

  • fixed length control field: 171003 a|ac|n|aab||||||||||||a |n|||||||

010 ## - LIBRARY OF CONGRESS CONTROL NUMBER

  • LC control number: 2009001941

040 ## - CATALOGING SOURCE

  • Original cataloging agency: DLC
  • Language of cataloging: spa
  • Description conventions: rda
  • Transcribing agency: Mx-PuUPA
  • Modifying agency: DLC

100 1# - HEADING--PERSONAL NAME

  • Personal name: Ochoa González, Óscar,

374 ## - OCCUPATION

  • Occupation: Autor

375 ## - GENDER

  • Gender: hombre

377 ## - ASSOCIATED LANGUAGE

  • Language code: spa

400 1# - SEE FROM TRACING--PERSONAL NAME

  • Personal name: González, Óscar Ochoa

400 1# - SEE FROM TRACING--PERSONAL NAME

  • Personal name: Ochoa, Óscar

670 ## - SOURCE DATA FOUND

  • Source citation: La reforma del estado y la calidad de la democracia en México, 2008:
  • Information found: t.p. (Óscar Ochoa González) p. 221 (Óscar Ochoa; dr. in poli. sci. and sciences of admin., Univ. Aut de Barcelona; dr. in info. sci., Univ. Complutense de Madrid; prof.-researcher, Tecnológico de Monterrey, Campus Monterrey)

670 ## - SOURCE DATA FOUND

  • Source citation: Biblioteca del congreso (Estados Unidos), 03 octubre 2017:
  • Information found: catálogo electrónico
  • Uniform Resource Identifier: https://goo.gl/66TnoJ